Score 0/40 Timer 08:00
22 Plays Today
Row Face % Correct
Row 4 AcrossBart Simpson
96.8%
Row 1 AcrossGeorge W. Bush
96.4%
Row 2 AcrossBrad Pitt
93.5%
Row 2 AcrossBill Clinton
92.7%
Row 1 AcrossDiana, Princess of Wales
91.1%
Row 3 AcrossHarry Potter
90%
Row 4 AcrossO.J. Simpson
89.8%
Row 4 AcrossJohn Travolta
88.2%
Row 4 AcrossJim Carrey
86%
Row 5 AcrossBill Cosby
84.3%
Row 5 AcrossJerry Seinfeld
82.5%
Row 1 AcrossPope John Paul II
81.8%
Row 2 AcrossEllen DeGeneres
79.9%
Row 3 AcrossNelson Mandela
79.3%
Row 3 AcrossOprah Winfrey
78.1%
Row 1 AcrossWilliam Shatner
77.6%
Row 2 AcrossMichael Jordan
77.2%
Row 5 AcrossPrince William of Wales
74%
Row 2 AcrossWoody Allen
72.5%
Row 3 AcrossDavid Letterman
68.4%
Row Face % Correct
Row 2 AcrossJodie Foster
68.1%
Row 1 AcrossJohn F. Kennedy Jr.
66.6%
Row 5 AcrossFrank Sinatra
64.6%
Row 4 AcrossFidel Castro
63.9%
Row 4 AcrossAl Gore Jr.
62.4%
Row 1 AcrossEarvin 'Magic' Johnson Jr.
61.4%
Row 1 AcrossChristopher Reeve
61.2%
Row 4 AcrossNancy Reagan
50.7%
Row 4 AcrossNewt Gingrich
48.1%
Row 3 AcrossMikhail Gorbachev
47.6%
Row 5 AcrossMonica Lewinsky
47.5%
Row 3 AcrossBob Dole
40.5%
Row 1 AcrossJohn Glenn
40.2%
Row 5 AcrossNancy Kerrigan
38.4%
Row 3 AcrossRush Limbaugh
36.2%
Row 3 AcrossBoris Yeltsin
35.1%
Row 5 AcrossTed Kaczynski
20%
Row 2 AcrossRamesses II
16.6%
Row 5 AcrossToni Morrison
11.3%
Row 2 AcrossDavid Koresh
8.5%
Remove Ads.
Support Sporcle.
Get the best of Sporcle when you Go Orange. This ad-free experience offers more features, more stats, and more fun while also helping to support Sporcle. Thank you for becoming a member.

You're not logged in!

Compare scores with friends on all Sporcle quizzes.
OR
Log In

Show Comments

Extras

Top Quizzes Today


Score Distribution

Your Account Isn't Verified!

In order to create a playlist on Sporcle, you need to verify the email address you used during registration. Go to your Sporcle Settings to finish the process.

Report this User

Report this user for behavior that violates our Community Guidelines.

Details: